000 01545cam a22003614i 4500
003 PE-LiUPU
005 20250731184104.0
008 150623s r 000 0 d
035 _a(Sirsi) a28355
040 _aPE-LiUPU
_bspa
_cPE-LiUPU
_erda
082 0 4 _a808.027
_bG45
_221
100 1 _aGibaldi, Joseph,
_d1942-,
_eautor.
245 1 0 _aMLA handbook for writers of research papers /
_cJoseph Gibaldi.
250 _a5a
264 1 _aNew York, NY :
_bThe Modern Language Association,
_c1999.
300 _a331 páginas ;
_c22 cm.
336 _atext
_2rdacontent
337 _aunmediated
_2rdamedia
338 _avolume
_2rdacarrier
505 0 _aResearch and writing. The mechanics of writing. The format of the research paper. Documentation: preparing the list of works cited. Documentation: citing sources in the text. Abbreviations. Selected reference works by field. other systems of documentation.
526 _aP145
526 _aP127
526 _aP97
526 _aP14
526 _aP07
650 0 4 _aRedacción de informes
_xManuales.
650 0 4 _aInvestigación
_xManuales.
942 _2ddc
_cBOOK
949 _a808.027 G45
_wDEWEY
_c1
_i53561
_lCCODEBUL1
_mBUL
_p15.00
_r0
_sY
_tBOOK
_u2015-06-24
_xTEOLOGIA
_PP35
_0COMPRA
_o.STAFF. Colección General
596 _a1
999 _a808.027 G45
_wDEWEY
_c35594
_i53561
_d35594
_e2019-9-6
_f2021-11-5
_g5
_lCCODEBUL1
_mBUL
_n1
_p15.00
_q1
_r0
_sY
_tBOOK
_u2015-6-24
_xBIBLIOTECA
_PP35
_0COMPRA
_o.STAFF. Colección General
980 _81
_gALBERTO SANCHEZ Responsable de Automatización